000 00608nam#a22002175a#4500
001 39
008 050915s19801980ag#ao##d######001#0#spa#d
245 1 0 _aLiteratura Hispanoamericana y Argentina :
_bModelos de Análisis /
_cMartha Fernández de Yácubsohn.
250 _a1ª ed.
260 _aBuenos Aires :
_bKapelusz,
_c1980.
300 _a247 p. :
_bil., col., fot. ;
_c23 cm.
100 1 _aFernández de Yácubsohn, Martha.
080 _a82
084 _aF38-D49
653 _aLiteratura
653 _aAnálisis
040 _aAR-ClEAG
_cAR-ClEAG
005 20241107184622.0
003 AR-ClEAG
942 _cBK
999 _c39
_d39
980 _62
_aEvangelina Gallicchio
_82
_gEvangelina Gallicchio